000 00348pam a2200157a 44500
008 230515b2016 xxu||||| |||| 00| 0 eng d
020 _aNULL
041 _aENGLISH
082 _a610.73
100 _aSURESH K RAY
245 _aCOMMUNITY NURSING PROCEDURE MANUAL
250 _a0
260 _a
_bC B S
_c2016
300 _a179
650 _aNULL
999 _c531549
_d531549